The changing nature of work / (Record no. 58277)

MARC details
000 -LEADER
fixed length control field 01278nam a2200385 a 4500
003 - CONTROL NUMBER IDENTIFIER
control field UZ
005 - DATE AND TIME OF LATEST TRANSACTION
control field 20190424090623.0
008 - FIXED-LENGTH DATA ELEMENTS--GENERAL INFORMATION
fixed length control field
020 ## - INTERNATIONAL STANDARD BOOK NUMBER
International Standard Book Number 0787901024 (alk. paper)
040 ## - CATALOGING SOURCE
Transcribing agency UZ
050 ## - LIBRARY OF CONGRESS CALL NUMBER
Classification number HD4904 CHA
090 ## - LOCALLY ASSIGNED LC-TYPE CALL NUMBER (OCLC); LOCAL CALL NUMBER (RLIN)
Classification number (OCLC) (R) ; Classification number, CALL (RLIN) (NR) HD4904 CHA
245 04 - TITLE STATEMENT
Title The changing nature of work /
Statement of responsibility, etc. Ann Howard, editor ; foreword by Sheldon Zedeck.
250 ## - EDITION STATEMENT
Edition statement 1st ed.
260 ## - PUBLICATION, DISTRIBUTION, ETC.
Place of publication, distribution, etc. San Francisco :
Name of publisher, distributor, etc. Jossey-Bass Publishers,
Date of publication, distribution, etc. c1995.
300 ## - PHYSICAL DESCRIPTION
Extent xxviii, 590 p. :
Other physical details ill. ;
Dimensions 24 cm.
336 ## - CONTENT TYPE
Source rda content
Content type term text
Content type code text
337 ## - MEDIA TYPE
Source rda media
Media type term unmediated
Media type code n
338 ## - CARRIER TYPE
Source rda carrier
Carrier type term volume
Carrier type code nc
490 1# - SERIES STATEMENT
Series statement The Jossey-Bass management series.
490 1# - SERIES STATEMENT
Series statement The Jossey-Bass social and behavioral science series.
504 ## - BIBLIOGRAPHY, ETC. NOTE
Bibliography, etc. note Includes bibliography and indexes.
650 #0 - SUBJECT ADDED ENTRY--TOPICAL TERM
Topical term or geographic name entry element Work
General subdivision Forecasting.
9 (RLIN) 32621
650 #0 - SUBJECT ADDED ENTRY--TOPICAL TERM
Topical term or geographic name entry element Work
General subdivision Psychological aspects.
9 (RLIN) 4130
650 #0 - SUBJECT ADDED ENTRY--TOPICAL TERM
Topical term or geographic name entry element Industrial sociology.
9 (RLIN) 3847
650 #0 - SUBJECT ADDED ENTRY--TOPICAL TERM
Topical term or geographic name entry element Industrial relations.
9 (RLIN) 3840
700 1# - ADDED ENTRY--PERSONAL NAME
Personal name Howard, Ann,
Dates associated with a name 1939-
9 (RLIN) 32622
830 #0 - SERIES ADDED ENTRY--UNIFORM TITLE
Uniform title Jossey-Bass management series.
9 (RLIN) 25996
830 #0 - SERIES ADDED ENTRY--UNIFORM TITLE
Uniform title Jossey-Bass social and behavioral science series.
9 (RLIN) 12533
902 ## - LOCAL DATA ELEMENT B, LDB (RLIN)
a 170309
907 ## - LOCAL DATA ELEMENT G, LDG (RLIN)
a .b12357182
b mntk3
c -
942 ## - ADDED ENTRY ELEMENTS (KOHA)
Source of classification or shelving scheme Library of Congress Classification
Koha item type Open Shelf Books
945 ## - LOCAL PROCESSING INFORMATION (OCLC)
l mntk2
998 ## - LOCAL CONTROL INFORMATION (RLIN)
Operator's initials, OID (RLIN) 0
Cataloger's initials, CIN (RLIN) 050211
First Date, FD (RLIN) m
Holdings
Withdrawn status Lost status Source of classification or shelving scheme Damaged status Not for loan Collection code Home library Current library Shelving location Date acquired Source of acquisition Total Checkouts Full call number Barcode Date last seen Price effective from Koha item type
    Library of Congress Classification     Open Shelf Main Library -University of Zimbabwe Main Library -University of Zimbabwe Main Library Stack Room 2 24/04/2019 UZ   HD4904 CHA 36003014639 24/04/2019 24/04/2019 Open Shelf Books